000 00775cam a22002293a 4500
001 20787
003 PGUSA
005 20140828083437.0
008 070309s2007||||xxu|||||s|||||000 | eng d
040 _aPGUSA
_beng
042 _adc
050 4 _aZ
100 1 _aHamilton, Frederick W.
_q(Frederick William),
_d1860-1940
245 1 0 _aPunctuation :
_bA Primer of Information about the Marks of Punctuation and their Use Both Grammatically and Typographically
_h[electronic resource] /
_cFrederick W. Hamilton
260 _bProject Gutenberg,
_c2007
506 _aPublic domain in the USA.
516 _aElectronic text
653 _aEnglish language -- Punctuation
830 0 _aProject Gutenberg
_v20787
856 4 0 _uhttp://www.gutenberg.org/ebooks/20787
942 _cEB
999 _c250042
_d250042